| 000 | 00771nas a2200241 i 4500 | ||
|---|---|---|---|
| 001 | 184533 | ||
| 003 | ES-MaACL | ||
| 005 | 20250217134916.0 | ||
| 008 | 151019d19451980sp a| | ||pa d | ||
| 022 | _a0437-2832 | ||
| 080 | _a929.7(460)(058.7) | ||
| 245 | 0 | 0 |
_aHeráldica _b: guía de sociedad. |
| 260 |
_aMadrid : _bA.M. Moré, _c1945-1980. |
||
| 300 |
_a12 v. ; _c20 cm. |
||
| 310 | _aAnual | ||
| 362 | 0 | _a1945-1980. | |
| 650 | 4 |
_aNobleza- _zEspaña- _vDirectorios. _9157920 |
|
| 651 | 4 |
_aEspaña- _vDirectorios _98188 |
|
| 785 | 0 | 0 | _tQuién es quién en España |
| 852 | 4 |
_aES-MaACL _jHEM-A-20 _xOlim: A-6809 _xOlim :A-8747 _xOlim :C-5630 |
|
| 866 | 0 | _o1947,1951,1953,1963,1965,1969-70,1974-80 | |
| 999 |
_c184533 _d184533 |
||